[Event "ICS rated bullet match"]
[Site "204.178.125.65"]
[Date "1999.12.12"]
[Round "?"]
[White "Rally-Rabbit"]
[Black "Hossa"]
[Result "1-0"]
[WhiteElo "2515"]
[BlackElo "2506"]
[PlyCount "147"]

1. b4 d5 2. Bb2 Nf6 3. e3 e5 4. a3 Nbd7 5. Nc3 c5 6. bxc5 Bxc5 7. Bb5 O-O 8.
Nf3 e4 9. Ng5 h6 10. Nh3 Qb6 11. Rb1 Qd6 12. Be2 Ne5 13. Nb5 Qe7 14. Nf4 a6 15.
Nc3 Rd8 16. Qc1 b5 17. a4 b4 18. Na2 g5 19. Bxe5 Qxe5 20. d4 Bxd4 21. exd4 Qxf4
22. Qxf4 gxf4 23. Nxb4 Rd6 24. O-O a5 25. Na2 Bd7 26. Bb5 Rc8 27. c3 Bf5 28.
Rfe1 e3 29. Rb2 Re6 30. fxe3 Rxe3 31. Rf1 Ne4 32. Rxf4 Be6 33. Ba6 Rc6 34. Rb8+
Kg7 35. Bb5 Rc7 36. Ra8 Nxc3 37. Nxc3 Rcxc3 38. Rxa5 Rc1+ 39. Kf2 Ra3 40. h3
Ra2+ 41. Kg3 Rc3+ 42. Rf3 Rcc2 43. Bf1 Rd2 44. Ra7 Rxd4 45. a5 Rd1 46. a6 d4
47. Re7 Rc1 48. Kh4 Raa1 49. Bd3 Rc3 50. Rb7 Bd5 51. Rg3+ Kf6 52. Rb6+ Be6 53.
Rf3+ Ke5 54. Rb5+ Kd6 55. Rb4 Kd5 56. Rb7 Bc8 57. Rbxf7 Raa3 58. a7 Be6 59. Rb7
Bc8 60. Rg7 Be6 61. Kh5 Kd6 62. Kxh6 Bd7 63. Rg6+ Kc5 64. Ba6 Rxf3 65. a8=Q
Rxa6 66. Qxa6 Rf2 67. Qa7+ Kc4 68. Qxd7 Kc3 69. Rg3+ Kc2 70. Qxd4 Rf6+ 71. Qxf6
Kc1 72. Re3 Kc2 73. Qf2+ Kb1 74. Re1# 1-0

[Event "ICS rated standard match"]
[Site "204.178.125.65"]
[Date "1999.12.12"]
[Round "?"]
[White "Beadle"]
[Black "Hossa"]
[Result "1-0"]
[WhiteElo "2324"]
[BlackElo "2250"]
[PlyCount "149"]

1. d4 Nf6 2. c4 g6 3. Nc3 Bg7 4. e4 O-O 5. f3 d6 6. Be3 e5 7. d5 c6 8. Bd3 Na6
9. Nge2 Bd7 10. a3 Qc7 11. b4 cxd5 12. cxd5 Rfc8 13. O-O Qd8 14. Bxa6 bxa6 15.
Qd3 a5 16. b5 Qc7 17. a4 Qc4 18. Qd2 Bh8 19. Kh1 Ne8 20. Rfc1 f5 21. exf5 Bxf5
22. Ne4 Qb3 23. Rc6 Bg7 24. N2c3 Kh8 25. Qd1 Qxd1+ 26. Rxd1 Bf8 27. g4 Bd7 28.
Ra6 Rc7 29. b6 Rb7 30. bxa7 Be7 31. Rxa5 Bd8 32. Ra6 Bc7 33. Ng5 Rb3 34. Rc1
Bc8 35. Rc6 Bb7 36. Rc4 Ba5 37. Nge4 Ba6 38. Rc6 Bb7 39. Nd2 Ra3 40. Nc4 Rxc3
41. Nxa5 Rxc1+ 42. Rxc1 Bxd5 43. Kg2 h5 44. gxh5 gxh5 45. Nc4 Be6 46. f4 exf4
47. Bd4+ Kh7 48. Kf3 d5 49. Ne5 Ng7 50. Rb1 Nf5 51. Bc5 d4 52. Rb8 Bd5+ 53.
Kxf4 Ne3 54. Bxd4 Nc2 55. Bf2 h4 56. Nd7 Kg7 57. Ke5 Bc6 58. Kd6 Bf3 59. Ne5
Be4 60. Nc6 Rxa7 61. Bxa7 Bh7 62. Rb7+ Kh6 63. Rxh7+ Kxh7 64. Bc5 Na1 65. Nd4
Kg6 66. a5 Nb3 67. Nxb3 Kf5 68. a6 Ke4 69. a7 Kf4 70. a8=Q Kf5 71. Be3 h3 72.
Qd5+ Kg6 73. Qg8+ Kf6 74. Bd2 Kf5 75. Qe6# 1-0

[Event "ICS rated blitz match"]
[Site "204.178.125.65"]
[Date "1999.12.12"]
[Round "?"]
[White "joejan"]
[Black "Hossa"]
[Result "0-1"]
[WhiteElo "2163"]
[BlackElo "2510"]
[PlyCount "60"]

1. e4 e5 2. Nf3 Nc6 3. Bb5 a6 4. Ba4 Nf6 5. O-O Be7 6. Re1 b5 7. Bb3 d6 8. h3
O-O 9. c3 Na5 10. Bc2 c5 11. d4 cxd4 12. cxd4 Nc6 13. Bg5 Bb7 14. Nbd2 Nxd4 15.
Nxd4 exd4 16. Nf3 Nxe4 17. Bxe4 Bxe4 18. Bxe7 Qxe7 19. Nd2 f5 20. f3 d5 21.
fxe4 dxe4 22. Nb3 Rad8 23. Rc1 d3 24. Qd2 f4 25. Rcd1 f3 26. gxf3 Rxf3 27. Rf1
Rg3+ 28. Kh2 Qh4 29. Qg2 Rxg2+ 30. Kxg2 e3 0-1

[Event "ICS rated blitz match"]
[Site "204.178.125.65"]
[Date "1999.12.12"]
[Round "?"]
[White "Hossa"]
[Black "CaptJack"]
[Result "1-0"]
[WhiteElo "2514"]
[BlackElo "2708"]
[PlyCount "123"]

1. b4 e5 2. Bb2 Bxb4 3. Bxe5 Nf6 4. c3 Be7 5. d4 d6 6. Bg3 Ne4 7. Nd2 Nxg3 8.
hxg3 d5 9. Qb1 h6 10. Ngf3 O-O 11. e3 Re8 12. Bd3 Bd6 13. Kf1 Nd7 14. Bh7+ Kh8
15. Rh3 Bf8 16. Bf5 g6 17. Bxg6 fxg6 18. Qxg6 Re7 19. Ng5 Qe8 20. Rxh6+ Bxh6
21. Qxh6+ Kg8 22. Ke2 Nf8 23. Rh1 Bg4+ 24. Kf1 Ng6 25. Kg1 Qc6 26. c4 Rg7 27.
f3 Bf5 28. g4 Bd3 29. Kf2 dxc4 30. Nde4 Bxe4 31. Nxe4 Qa4 32. Kg3 Qxa2 33. f4
Qe2 34. f5 Kf7 35. fxg6+ Rxg6 36. Qh7+ Kf8 37. Qxg6 Qxe3+ 38. Kh2 Re8 39. Rf1+
Ke7 40. Qg7+ Kd8 41. Nf6 Qxd4 42. Nxe8 Qxg7 43. Nxg7 c3 44. Rc1 Kd7 45. Rxc3 c5
46. Rxc5 Kd6 47. Ra5 a6 48. Nf5+ Ke6 49. Kg3 Kf6 50. Nd6 b5 51. Rxa6 b4 52.
Nc4+ Ke7 53. Rb6 Ke8 54. g5 Kf8 55. Rxb4 Kf7 56. Rb6 Ke8 57. Kg4 Kf7 58. g6+
Kg7 59. Kg5 Kf8 60. Kf6 Ke8 61. Rd6 Kf8 62. Rd8# 1-0

[Event "ICS rated blitz match"]
[Site "204.178.125.65"]
[Date "1999.12.12"]
[Round "?"]
[White "Hossa"]
[Black "CaptJack"]
[Result "0-1"]
[WhiteElo "2550"]
[BlackElo "2655"]
[PlyCount "98"]

1. e4 c5 2. Nc3 Nc6 3. f4 g6 4. Nf3 Bg7 5. Bc4 e6 6. e5 d5 7. exd6 Qxd6 8. Nb5
Qd8 9. O-O Nge7 10. Re1 a6 11. Nc3 Qc7 12. Ne4 O-O 13. a3 b5 14. Ba2 Qxf4 15.
d4 Qc7 16. dxc5 Rd8 17. Qe2 Nd4 18. Qf2 Nxf3+ 19. Qxf3 Bb7 20. Bf4 Qc8 21. c3
Bxe4 22. Rxe4 Qxc5+ 23. Kh1 Nd5 24. Bg5 Nxc3 25. Be3 Nxe4 26. Bxc5 Nxc5 27. Rf1
Ra7 28. b4 Nd3 29. Qc6 Bd4 30. g3 Nf2+ 31. Kg2 Ng4 32. Re1 Ne3+ 33. Kf3 Nf5 34.
Rd1 Rd6 35. Qc8+ Kg7 36. Bb3 e5 37. g4 Ne3 38. Rd3 e4+ 39. Ke2 exd3+ 40. Kxd3
Re7 41. g5 Bb2+ 42. Ke2 Nc2+ 43. Kf1 Rd1+ 44. Kf2 Rd2+ 45. Kg3 Re3+ 46. Kh4 Be5
47. Bxc2 Rxh2+ 48. Qh3 Rhxh3+ 49. Kg4 Reg3# 0-1

[Event "ICS rated blitz match"]
[Site "204.178.125.65"]
[Date "1999.12.12"]
[Round "?"]
[White "gambitmaster"]
[Black "Hossa"]
[Result "1-0"]
[WhiteElo "2543"]
[BlackElo "2539"]
[PlyCount "177"]

1. e4 c5 2. Nf3 d6 3. d4 Nf6 4. Nc3 cxd4 5. Nxd4 Nc6 6. Bg5 Bd7 7. Be2 Qa5 8.
Bxf6 gxf6 9. Nb3 Qg5 10. Nd5 O-O-O 11. O-O Rg8 12. g3 f5 13. f4 Qg7 14. exf5
Bxf5 15. Bf3 Qxb2 16. Ne3 Bh3 17. Re1 Bd7 18. Bxc6 Bxc6 19. Qd3 Qg7 20. Na5 Bf3
21. Nf5 Qg4 22. Nxe7+ Bxe7 23. Rxe7 Rd7 24. Rae1 b6 25. Re8+ Rxe8 26. Rxe8+ Rd8
27. Qc4+ Kd7 28. Qxf7+ Kc8 29. Nc4 Qd7 30. Re7 Qc6 31. Ne3 Qc3 32. Qxh7 Kb8 33.
Qd3 Qa1+ 34. Kf2 Bb7 35. Qh7 Qh1 36. c4 a6 37. a3 Rc8 38. Qh6 Ka7 39. Qh3 Kb8
40. g4 Qc1 41. Qh7 Qh1 42. f5 Qf3+ 43. Ke1 Be4 44. Qh6 Rd8 45. Re6 Kc8 46. h3
b5 47. cxb5 Bd3 48. Kd2 Bxb5 49. Kc1 Qh1+ 50. Kb2 Qh2+ 51. Kb3 Qh1 52. Qf6 Qxh3
53. g5 Qh4 54. Re7 Kb8 55. Rf7 Ba4+ 56. Ka2 Qf2+ 57. Qb2+ Qxb2+ 58. Kxb2 d5 59.
g6 d4 60. g7 dxe3 61. Rf8 e2 62. Rxd8+ Kc7 63. Rc8+ Kxc8 64. g8=Q+ Kb7 65. Qg2+
Kc8 66. Qxe2 Kb8 67. Qc4 Be8 68. Qg8 Kc7 69. Qxe8 Kd6 70. Qe6+ Kc7 71. Qc6+
Kxc6 72. Kb3 Kd6 73. Kb4 Ke5 74. a4 Kxf5 75. Ka5 Ke5 76. Kxa6 Kd6 77. Kb7 Kc5
78. a5 Kb5 79. a6 Kc5 80. a7 Kd5 81. a8=Q Ke5 82. Kc6 Kf5 83. Kd5 Kf6 84. Kd6
Kf5 85. Qf3+ Kg5 86. Ke6 Kg6 87. Qg4+ Kh6 88. Kf6 Kh7 89. Qg7# 1-0

[Event "ICS rated blitz match"]
[Site "204.178.125.65"]
[Date "1999.12.12"]
[Round "?"]
[White "Hossa"]
[Black "joejan"]
[Result "1-0"]
[WhiteElo "2523"]
[BlackElo "2146"]
[PlyCount "55"]

1. e4 e5 2. Nf3 Nc6 3. Bb5 a6 4. Ba4 Nf6 5. O-O Be7 6. Re1 b5 7. Bb3 O-O 8. a4
Bb7 9. d3 d6 10. Bd2 Nd7 11. axb5 axb5 12. Nc3 Rxa1 13. Qxa1 Nc5 14. Ba2 Ba6
15. Be3 b4 16. Nd5 b3 17. Bxb3 Nxb3 18. Qxa6 Nbd4 19. Bxd4 Nxd4 20. Nxd4 exd4
21. Qb7 Bf6 22. Nxc7 Qd7 23. Ra1 g6 24. Qa7 Rc8 25. Nd5 Qxa7 26. Rxa7 Kg7 27.
Nc7 Bd8 28. Ne6+ 1-0

[Event "ICS rated blitz match"]
[Site "204.178.125.65"]
[Date "1999.12.12"]
[Round "?"]
[White "inmichess"]
[Black "Hossa"]
[Result "1/2-1/2"]
[WhiteElo "2462"]
[BlackElo "2523"]
[PlyCount "120"]

1. e4 e5 2. Nf3 Nc6 3. Nc3 Nf6 4. d4 exd4 5. Nd5 Nxd5 6. exd5 Bb4+ 7. Bd2 Qe7+
8. Be2 d3 9. cxd3 Bxd2+ 10. Qxd2 Nb4 11. d4 Nxd5 12. O-O O-O 13. Rfe1 Qf6 14.
Qc2 d6 15. Bd3 g6 16. Be4 Be6 17. Qb3 Nb6 18. d5 Bf5 19. Rac1 Rac8 20. Nd2 Bxe4
21. Nxe4 Qf5 22. Qc3 f6 23. Rcd1 Rce8 24. f3 Re7 25. Re2 Qd7 26. Rde1 Re5 27.
Qb3 Qa4 28. Qxa4 Nxa4 29. b3 Nb6 30. Nc3 Rfe8 31. Kf2 Kg7 32. Rxe5 Rxe5 33. Rd1
g5 34. g3 Re7 35. h4 Kg6 36. Rd4 h6 37. Re4 Re5 38. hxg5 hxg5 39. Rxe5 dxe5 40.
g4 a5 41. a4 Kf7 42. Ke2 Ke7 43. Ke3 Kf8 44. Kd3 Ke8 45. Ne4 Nxd5 46. Kc4 Nb6+
47. Kb5 Nd7 48. Kxa5 Ke7 49. Kb5 c6+ 50. Kc4 Nb6+ 51. Kb4 Nd5+ 52. Kc5 Kd7 53.
a5 Kc7 54. b4 Nf4 55. Kc4 Ng2 56. Kd3 Nf4+ 57. Kc4 Ng2 58. Kd3 Nf4+ 59. Kc4 Ng2
60. Kd3 Nf4+ 1/2-1/2

[Event "ICS rated blitz match"]
[Site "204.178.125.65"]
[Date "1999.12.12"]
[Round "?"]
[White "Hossa"]
[Black "inmichess"]
[Result "1-0"]
[WhiteElo "2520"]
[BlackElo "2465"]
[PlyCount "97"]

1. e4 e5 2. Nf3 Nc6 3. Bb5 Nge7 4. O-O a6 5. Ba4 b5 6. Bb3 f6 7. d4 exd4 8.
Nxd4 Na5 9. Be3 Bb7 10. Nd2 c5 11. Nf5 Qc7 12. Nxe7 Bxe7 13. Qg4 g6 14. Bf4 Qd8
15. Bd5 Bxd5 16. exd5 f5 17. Qg3 d6 18. Rfe1 O-O 19. Rxe7 Qxe7 20. Bxd6 f4 21.
Bxe7 fxg3 22. Bxf8 gxh2+ 23. Kxh2 Rxf8 24. Ne4 h5 25. Re1 Nc4 26. d6 Nxd6 27.
Nxd6 Rxf2 28. Rc1 Re2 29. Kg3 Re6 30. Nb7 c4 31. Nc5 Rd6 32. Rf1 Rd2 33. Rf2
Rd6 34. b4 cxb3 35. cxb3 Kg7 36. b4 Rc6 37. Rc2 Rf6 38. Rc3 Kh6 39. Ra3 Rf5 40.
Ra5 Rg5+ 41. Kh2 Rg4 42. Nxa6 Rh4+ 43. Kg1 Rd4 44. Rxb5 Rd1+ 45. Kh2 Ra1 46. a4
Rxa4 47. Ra5 Rxb4 48. Nxb4 g5 49. g4 1-0

[Event "ICS rated blitz match"]
[Site "204.178.125.65"]
[Date "1999.12.12"]
[Round "?"]
[White "inmichess"]
[Black "Hossa"]
[Result "1/2-1/2"]
[WhiteElo "2452"]
[BlackElo "2533"]
[PlyCount "112"]

1. e4 e5 2. Nf3 Nc6 3. Bb5 a6 4. Ba4 Nf6 5. O-O Be7 6. d4 exd4 7. Re1 b5 8. e5
Nxe5 9. Rxe5 bxa4 10. Nxd4 O-O 11. Nf5 Re8 12. Bg5 d6 13. Nxe7+ Rxe7 14. Bxf6
gxf6 15. Rxe7 Qxe7 16. Nc3 Rb8 17. Nxa4 Bd7 18. b3 Qe5 19. Rb1 Bc6 20. c4 Bxa4
21. bxa4 Rxb1 22. Qxb1 Qe2 23. c5 dxc5 24. g3 Kg7 25. Qb7 Qd1+ 26. Kg2 Qxa4 27.
Qxc7 Qe4+ 28. Kg1 c4 29. Qc8 Qe6 30. Qc5 Qe1+ 31. Kg2 Qe4+ 32. Kh3 Qc2 33. a3
Qd3 34. Qc8 c3 35. Qg4+ Qg6 36. Qc4 c2 37. Kg2 a5 38. h4 h5 39. a4 Qf5 40. f4
Kh8 41. Kf2 Qh3 42. Qxf7 Qh2+ 43. Kf3 Qh1+ 44. Kf2 c1=Q 45. Qf8+ Kh7 46. Qf7+
Kh6 47. Qxf6+ Kh7 48. Qf7+ Kh8 49. Qf8+ Kh7 50. Qf7+ Kh8 51. Qf8+ Kh7 52. Qf7+
Kh6 53. Qf6+ Kh7 54. Qf7+ Kh6 55. Qf6+ Kh7 56. Qf7+ Kh6 1/2-1/2

[Event "ICS rated blitz match"]
[Site "204.178.125.65"]
[Date "1999.12.12"]
[Round "?"]
[White "Hossa"]
[Black "Beadle"]
[Result "1-0"]
[WhiteElo "2529"]
[BlackElo "2583"]
[PlyCount "157"]

1. e4 Nf6 2. e5 Nd5 3. c4 Nb6 4. d4 d6 5. exd6 exd6 6. Nf3 Nc6 7. Nc3 Bg4 8.
Be3 Be7 9. b3 Bf6 10. Be2 O-O 11. Ne4 Re8 12. Nxf6+ Qxf6 13. O-O d5 14. c5 Nd7
15. Re1 a5 16. h3 Bf5 17. Bg5 Qg6 18. Qd2 h6 19. Bf4 Bxh3 20. Bg3 Bg4 21. Qf4
Rxe2 22. Rxe2 Bxf3 23. gxf3 Nf8 24. Rd1 Ne6 25. Qg4 Qxg4 26. fxg4 Ncxd4 27. Re3
c6 28. Be5 Nb5 29. a4 d4 30. Ree1 Nc3 31. Rd3 Rd8 32. Kh2 Nd5 33. Rdd1 Nxc5 34.
Bxd4 Nxb3 35. Ba7 Ra8 36. Rd3 Rxa7 37. Rxb3 f6 38. Re8+ Kf7 39. Rc8 Kg6 40. Kg3
f5 41. f3 h5 42. gxh5+ Kxh5 43. Rf8 f4+ 44. Kf2 g5 45. Rg8 Kh6 46. Rb1 Nf6 47.
Rh1+ Nh5 48. Rh8+ Kg7 49. R1xh5 c5 50. R5h7+ Kf6 51. Rc7 c4 52. Rxc4 Kg7 53.
Rb8 Kg6 54. Rg8+ Kf6 55. Rc5 b6 56. Rcxg5 Rb7 57. R8g6+ Kf7 58. Rg7+ Kf6 59.
Rxb7 Kxg5 60. Rxb6 Kf5 61. Rb5+ Ke6 62. Rxa5 Kd6 63. Rd5+ Kxd5 64. Kg2 Kc6 65.
Kh3 Kb6 66. Kg4 Ka5 67. Kxf4 Kxa4 68. Ke5 Kb3 69. f4 Kb4 70. f5 Kc5 71. f6 Kc6
72. f7 Kb5 73. f8=Q Kc4 74. Qf3 Kc5 75. Qc3+ Kb5 76. Kd6 Kb6 77. Qb3+ Ka5 78.
Kc7 Ka6 79. Qa4# 1-0

[Event "ICS rated blitz match"]
[Site "204.178.125.65"]
[Date "1999.12.12"]
[Round "?"]
[White "Bomber"]
[Black "Hossa"]
[Result "0-1"]
[WhiteElo "2156"]
[BlackElo "2547"]
[PlyCount "86"]

1. d4 d5 2. Nf3 e6 3. e3 Nf6 4. c4 Nc6 5. Nc3 Be7 6. Bd3 O-O 7. O-O Nb4 8. Be2
c5 9. cxd5 exd5 10. a3 cxd4 11. Nxd4 Nc6 12. b4 Re8 13. Bb2 Qc7 14. Rc1 a6 15.
b5 axb5 16. Ncxb5 Qb6 17. a4 Ne4 18. Nxc6 bxc6 19. Bd4 Qb7 20. Nc3 Bd6 21. Nxe4
Rxe4 22. Bf3 Re8 23. Qc2 Bd7 24. Rb1 Qc7 25. Rfc1 Bxh2+ 26. Kh1 Be5 27. Bxd5
Bxd4 28. exd4 Qf4 29. Bxc6 Qh6+ 30. Kg1 Bxc6 31. Qxc6 Re1+ 32. Rxe1 Qxc6 33.
Rbd1 Qxa4 34. d5 Qc2 35. d6 Rd8 36. d7 f5 37. Rc1 Qa4 38. Re8+ Rxe8 39. dxe8=B
Qxe8 40. Kf1 f4 41. Re1 Qb5+ 42. Kg1 Kf7 43. Re4 Qb1+ 0-1

[Event "ICS rated blitz match"]
[Site "204.178.125.65"]
[Date "1999.12.12"]
[Round "?"]
[White "Hossa"]
[Black "Bomber"]
[Result "1-0"]
[WhiteElo "2550"]
[BlackElo "2153"]
[PlyCount "73"]
[EventDate "1999.??.??"]

1. e4 e6 2. d4 d5 3. Nc3 Bb4 4. a3 Bxc3+ 5. bxc3 dxe4 6. f3 Nf6 7. fxe4 Nxe4 8.
Qg4 Nf6 9. Qxg7 Rg8 10. Qh6 Rg6 11. Qe3 c5 12. Ne2 Nc6 13. Bb2 Qb6 14. O-O-O
cxd4 15. cxd4 Bd7 16. Nf4 Rg4 17. Qf3 O-O-O 18. Nh5 Rg5 19. Nxf6 Rf5 20. Nxd7
Rxd7 21. Qe4 Rf2 22. Qh4 Rf5 23. Qxh7 Na5 24. Qg8+ Rd8 25. Qg3 Qc6 26. Qc3 Rf2
27. Bb5 Qxc3 28. Bxc3 Nc6 29. Bxc6 bxc6 30. Rdf1 Rxg2 31. Rxf7 Rh8 32. Rxa7
Rhxh2 33. Rxh2 Rxh2 34. Re7 Rh6 35. Bb4 Kd8 36. Bc5 Rg6 37. Kb2 1-0

[Event "ICS rated blitz match"]
[Site "204.178.125.65"]
[Date "1999.12.12"]
[Round "?"]
[White "nyul"]
[Black "Hossa"]
[Result "0-1"]
[WhiteElo "2182"]
[BlackElo "2553"]
[PlyCount "66"]

1. e4 e5 2. Nf3 Nc6 3. Bc4 Bc5 4. d3 Nf6 5. O-O d5 6. exd5 Nxd5 7. Nc3 Nxc3 8.
bxc3 O-O 9. Be3 Bb6 10. a4 Bg4 11. h3 Bh5 12. Bb5 Bxf3 13. Qxf3 Na5 14. d4 exd4
15. cxd4 c6 16. Bd3 Qd5 17. Qxd5 cxd5 18. c3 Rac8 19. Ra3 Bd8 20. Bd2 Be7 21.
Ra2 Nb3 22. Bf5 Rc7 23. Be1 Nc1 24. Rc2 Ba3 25. Bd2 Ne2+ 26. Kh2 Re8 27. Ra2
Bd6+ 28. g3 g6 29. Bd3 Nxc3 30. Rc2 Ne4 31. Be3 Nxg3 32. fxg3 Rxe3 33. Bb5
Rxc2+ 0-1

[Event "ICS rated blitz match"]
[Site "204.178.125.65"]
[Date "1999.12.12"]
[Round "?"]
[White "Hossa"]
[Black "nyul"]
[Result "1-0"]
[WhiteElo "2556"]
[BlackElo "2179"]
[PlyCount "41"]

1. e4 e5 2. Nf3 Nc6 3. Bb5 a6 4. Ba4 Nf6 5. O-O Be7 6. Re1 b5 7. Bb3 O-O 8. a4
b4 9. Bd5 Bb7 10. Nxe5 Nxd5 11. exd5 Nxe5 12. Rxe5 d6 13. Re4 a5 14. c4 bxc3
15. dxc3 c6 16. dxc6 Bxc6 17. Re2 Bf6 18. Bf4 Re8 19. Rxe8+ Qxe8 20. Nd2 Bxa4
21. Qxa4 1-0

[Event "ICS rated blitz match"]
[Site "204.178.125.65"]
[Date "1999.12.12"]
[Round "?"]
[White "GaryG"]
[Black "Hossa"]
[Result "0-1"]
[WhiteElo "2644"]
[BlackElo "2559"]
[PlyCount "211"]

1. g3 d5 2. Bg2 c6 3. c4 e5 4. cxd5 cxd5 5. d4 exd4 6. Nf3 Nc6 7. Nxd4 Nf6 8.
O-O Be7 9. Nc3 O-O 10. Bf4 Be6 11. Qa4 Qb6 12. Nb3 Rac8 13. Rad1 Rfd8 14. Be3
Qb4 15. Qxb4 Bxb4 16. Nd4 Bxc3 17. bxc3 Nxd4 18. Bxd4 Ne4 19. Rd3 Bf5 20. g4
Bg6 21. f4 f6 22. f5 Bf7 23. Rb1 b6 24. h4 h5 25. gxh5 Bxh5 26. Re3 Re8 27. a4
Rcd8 28. a5 bxa5 29. Ra1 Bg4 30. Rxa5 Bxf5 31. Bxa7 g6 32. Bd4 Re6 33. Bf3 Rd7
34. Rd3 Kg7 35. Kh2 Red6 36. Kg2 Rd8 37. Ra7+ R6d7 38. Ra6 Rh8 39. Rd1 Rxh4 40.
Bxe4 Rxe4 41. Bxf6+ Kf7 42. Re1 Re6 43. Rxe6 Kxe6 44. Bd4 g5 45. Ra1 Rd6 46.
Kg3 Kf7 47. Ra5 Kg6 48. Ra8 Be6 49. Kf3 Rc6 50. e4 dxe4+ 51. Kxe4 Bc4 52. Rb8
Rc7 53. Rb6+ Kh5 54. Be5 Rc8 55. Rb2 g4 56. Rb7 Be2 57. Rf7 Re8 58. Rf5+ Kh6
59. Kf4 Rc8 60. Bd4 Rc4 61. Rg5 Bf3 62. Kf5 Rc8 63. Bg7+ Kh7 64. Be5 Kh6 65.
Kf4 Bd1 66. Bg7+ Kh7 67. Bd4 Rf8+ 68. Kg3 Kh6 69. Kh4 Rd8 70. Rf5 Kg6 71. Rf6+
Kh7 72. Kg3 Rc8 73. Rd6 Rc7 74. Be5 Bf3 75. Rf6 Re7 76. Bd4 Rd7 77. Rb6 Rd5 78.
Re6 Rd7 79. Be5 Be2 80. Kf4 Rd8 81. Bf6 Rd2 82. Bd4 Rc2 83. Be5 Kg8 84. Re7 Rc1
85. Rc7 Kf8 86. Bd6+ Kg8 87. Ke3 Rc2 88. Ra7 Bf1 89. Kf4 Be2 90. Bb4 Rc1 91.
Kg3 Bf3 92. Re7 Rg1+ 93. Kf4 Rc1 94. Rc7 Be2 95. Kg3 Rf1 96. Re7 Bd1 97. Kg2
Rf3 98. c4 Rf4 99. Rc7 Be2 100. Rc8+ Kg7 101. Bc3+ Kf7 102. c5 Rc4 103. Be1 Bd3
104. Kg3 Bf5 105. Rc6 Be4 106. Kh4 0-1

[Event "ICS rated blitz match"]
[Site "204.178.125.65"]
[Date "1999.12.12"]
[Round "?"]
[White "Hossa"]
[Black "robbok1"]
[Result "1-0"]
[WhiteElo "2579"]
[BlackElo "2409"]
[PlyCount "141"]

1. e4 c5 2. Nf3 Nc6 3. d4 cxd4 4. Nxd4 e5 5. Nb5 d6 6. c4 Be7 7. N1c3 a6 8. Na3
Be6 9. Be2 Rc8 10. Be3 Nf6 11. O-O O-O 12. Qd2 Qa5 13. Rfd1 Rfe8 14. Rac1 Kh8
15. f3 Nd7 16. Nc2 f5 17. b4 Nxb4 18. Nxb4 Qxb4 19. Rb1 Qa5 20. Rxb7 Nc5 21.
Rbb1 fxe4 22. Nxe4 Qxd2 23. Nxd2 Bf5 24. Rbc1 Rb8 25. Bxc5 dxc5 26. Nb3 Be6 27.
Rc3 Rb6 28. Re3 Bd6 29. Kf2 Rf8 30. a4 Kg8 31. a5 Rc6 32. Bd3 Rd8 33. Be4 Rc7
34. Bd5 Kf7 35. Bxe6+ Kxe6 36. Rd5 Rcc8 37. Nc1 Bb8 38. Rxd8 Rxd8 39. Nd3 Bd6
40. f4 Rf8 41. Ke2 e4 42. Rxe4+ Kd7 43. h3 Rb8 44. g4 Rb1 45. Ne5+ Bxe5 46.
Rxe5 Kd6 47. Rg5 Rb7 48. h4 Kc6 49. Re5 Kd6 50. Rd5+ Kc6 51. Rd8 Rb2+ 52. Kd3
Rb3+ 53. Kd2 Ra3 54. Rh8 Rxa5 55. Rxh7 Ra2+ 56. Ke3 Ra3+ 57. Ke4 Ra4 58. Rxg7
Rxc4+ 59. Ke5 Rc1 60. Ra7 Re1+ 61. Kf5 Kb6 62. Ra8 Kb7 63. Rd8 Kc7 64. Rd2 a5
65. h5 Rh1 66. Kg6 Rh4 67. Rg2 a4 68. h6 a3 69. h7 Kb6 70. f5 Kb5 71. f6 1-0

[Event "ICS rated blitz match"]
[Site "204.178.125.65"]
[Date "1999.12.13"]
[Round "?"]
[White "robbok1"]
[Black "Hossa"]
[Result "1-0"]
[WhiteElo "2400"]
[BlackElo "2588"]
[PlyCount "77"]

1. e4 e5 2. Nf3 Nc6 3. d4 exd4 4. Bc4 Bb4+ 5. c3 dxc3 6. O-O cxb2 7. Bxb2 Bf8
8. Nc3 Nh6 9. e5 Be7 10. Nd5 O-O 11. Nxe7+ Qxe7 12. Re1 Re8 13. Qc2 Nb4 14. Qd2
a5 15. a3 Nc6 16. Rad1 a4 17. h3 Ra5 18. Bd3 Qf8 19. Ng5 g6 20. Ne4 Rexe5 21.
Nf6+ Kg7 22. f4 Qc5+ 23. Kh1 Rxe1+ 24. Rxe1 Nd4 25. Bc2 Nhf5 26. Bxf5 Nf3 27.
gxf3 Qxf5 28. Ng4+ Kf8 29. Qe3 Qe6 30. Qc3 Re5 31. Rxe5 Qb3 32. Nf6 Qxc3 33.
Re8+ Kg7 34. Bxc3 d6 35. Rxc8 c6 36. f5 Kh6 37. Bd2+ g5 38. Rg8 b5 39. Bxg5#
1-0

[Event "ICS rated blitz match"]
[Site "204.178.125.65"]
[Date "1999.12.13"]
[Round "?"]
[White "Hossa"]
[Black "robbok1"]
[Result "1-0"]
[WhiteElo "2564"]
[BlackElo "2424"]
[PlyCount "161"]

1. e4 c5 2. Nf3 Nc6 3. d4 cxd4 4. Nxd4 e5 5. Nb5 d6 6. c4 Be7 7. N1c3 a6 8. Na3
Be6 9. Be2 Nd4 10. O-O Nf6 11. Be3 Nxe2+ 12. Qxe2 O-O 13. Rfd1 Qa5 14. Bg5 h6
15. Bxf6 Bxf6 16. Rd3 Bg5 17. Rad1 Rfd8 18. Nd5 Bxd5 19. Rxd5 Qb6 20. Nb1 Rac8
21. b3 Qc7 22. Qd3 Be7 23. a4 Bg5 24. Na3 Qe7 25. Nc2 Qe6 26. Ne3 Rc6 27. Nf5
b6 28. Nxd6 Rc7 29. Nb5 Rcc8 30. Nc7 Rxd5 31. cxd5 Qd7 32. Nxa6 Be7 33. Ra1 h5
34. b4 Qb7 35. Qb5 Qa7 36. Qf1 Rc3 37. Qe2 Bd6 38. b5 Qd7 39. Qxh5 Qc8 40. Re1
Ra3 41. Qd1 Qc4 42. Qc1 Rxa4 43. Qxc4 Rxc4 44. f3 Kf8 45. Kf2 Ke7 46. Rb1 g6
47. g4 Rc2+ 48. Kg3 g5 49. Nb4 Bxb4 50. Rxb4 Kd6 51. h4 f6 52. h5 Rc1 53. Rb2
Rc7 54. Rb1 Rc5 55. Ra1 Rc8 56. Rf1 Rc7 57. Rh1 Rc5 58. Rb1 Rc7 59. Re1 Rc8 60.
Ra1 Rc7 61. Rd1 Rc5 62. Rh1 Rc7 63. Rh2 Rc5 64. h6 Rc8 65. h7 Rh8 66. Rc2 Rxh7
67. Rc6+ Kd7 68. Rxf6 Kc7 69. Rc6+ Kb7 70. Re6 Rh1 71. Re7+ Kc8 72. Re8+ Kd7
73. Rxe5 Kd6 74. Rxg5 Kc5 75. d6+ Kxd6 76. Rd5+ Ke7 77. Rf5 Rc1 78. Kf4 Ra1 79.
g5 Kd6 80. g6 Ra8 81. Kg5 1-0

[Event "ICS rated bullet match"]
[Site "204.178.125.65"]
[Date "1999.12.13"]
[Round "?"]
[White "Hossa"]
[Black "Falke"]
[Result "0-1"]
[WhiteElo "2490"]
[BlackElo "2381"]
[PlyCount "160"]

1. e4 e5 2. Nf3 Nf6 3. Nxe5 d6 4. Nf3 Nxe4 5. d4 Bg4 6. Bd3 Nf6 7. h3 Bd7 8.
Qe2+ Be7 9. O-O O-O 10. c4 Nc6 11. Nc3 Nb4 12. Bb1 c5 13. a3 Nc6 14. Be3 Re8
15. d5 Ne5 16. Nxe5 dxe5 17. f4 exf4 18. Bxf4 Bd6 19. Qf3 Be5 20. Bxe5 Rxe5 21.
Qd3 Kf8 22. Qc2 Qb6 23. Qf2 Kg8 24. Ra2 Qd6 25. b3 Rae8 26. Re2 Rxe2 27. Nxe2
Qa6 28. Ng3 Qxa3 29. Nh5 Qa6 30. Nxf6+ Qxf6 31. Qxc5 Qg5 32. Qf2 f6 33. Re1
Rxe1+ 34. Qxe1 g6 35. Kh1 Kf7 36. Qg1 b6 37. Qe1 Qf4 38. Be4 a5 39. Bd3 Qd4 40.
Qe2 Kf8 41. Be4 Qc3 42. Bc2 Qa1+ 43. Qd1 Qc3 44. Kh2 a4 45. bxa4 Qxc4 46. Kg3
Qc5 47. Bb3 Qe3+ 48. Qf3 Qd4 49. Bc2 Kg8 50. Qb3 Qd2 51. Qc4 Qe3+ 52. Kh2 Qe5+
53. g3 Qe3 54. Qf1 Qd2+ 55. Qg2 Qd4 56. Bb3 Bxa4 57. Bxa4 Qxa4 58. Qe2 Qd7 59.
Qc4 Kf8 60. Qc6 Qxc6 61. dxc6 Ke7 62. h4 b5 63. g4 b4 64. g5 fxg5 65. c7 Kd7
66. c8=R Kxc8 67. hxg5 b3 68. Kg2 b2 69. Kf3 b1=Q 70. Ke3 Qc1+ 71. Kd4 Qxg5 72.
Ke4 Qf5+ 73. Kd4 g5 74. Kc4 g4 75. Kd4 g3 76. Kc4 g2 77. Kb4 g1=Q 78. Ka3 Qgc5+
79. Kb2 Qfc2+ 80. Ka1 Qa3# 0-1

[Event "ICS Rated bullet match"]
[Site "204.178.125.65"]
[Date "1999.12.13"]
[Round "?"]
[White "Gregorio"]
[Black "Hossa"]
[Result "1/2-1/2"]
[WhiteElo "2326"]
[BlackElo "2469"]
[PlyCount "89"]

1. d4 d5 2. c4 dxc4 3. e4 Nc6 4. Nf3 Bg4 5. d5 Ne5 6. Bf4 Ng6 7. Be3 b5 8. Nc3
a6 9. Be2 e5 10. O-O Nf6 11. Qc2 Bb4 12. a4 O-O 13. axb5 Bxc3 14. bxc3 axb5 15.
Rxa8 Qxa8 16. Rb1 Qa5 17. Bg5 Nh5 18. g3 f5 19. Nh4 Nxh4 20. Bxh4 Bxe2 21. Qxe2
Nf6 22. exf5 Qxc3 23. Rxb5 Qa1+ 24. Kg2 Qd4 25. Bxf6 Rxf6 26. Qh5 g6 27. fxg6
Qxf2+ 28. Kh3 Qf1+ 29. Kh4 Rxg6 30. Qxe5 Qf8 31. Kh3 Qh6+ 32. Kg2 Qd2+ 33. Kf1
Qd1+ 34. Kf2 Qc2+ 35. Ke1 Qc1+ 36. Ke2 Qc2+ 37. Kf3 Qd3+ 38. Kf2 Qd2+ 39. Kf1
Qd1+ 40. Kf2 Qc2+ 41. Kf3 Qd3+ 42. Kg2 Qd2+ 43. Kf3 Qd1+ 44. Kg2 Qc2+ 45. Kf3
1/2-1/2